000 00214nam a22000857a 4500
008 160916b xxu||||| |||| 00| 0 eng d
100 _9567
_aGoscinny R
245 _aThe Soothsayer
260 _aUSA
_bOrion publication
_c2004
999 _c3223
_d3223